Yŏboge, chŏsŭng kal ttae mwŏl kajigo kaji : Sŏk Yong-san sŭnim esei.

Saved in:
நூற்பட்டியல் விவரங்கள்
தலைமை எழுத்தாளர்: Yongsan, Sŏk.
வடிவம்: புத்தகம்
மொழி:Korean
வெளியீடப்பட்டது: Sŏul : Koryŏwŏn, 1992.
பதிப்பு:Chʻopʻan.
பகுதிகள்:
குறியீடுகள்: குறிச்சொல் இணை
குறியீடுகள் இல்லை, இந்த குறிச்சொல்லை முதலில் பதிவு செய்யுங்கள்!
LEADER 00854nam a2200253 a 4500
001 007785771-2
005 20024617124222.0
008 930624s1992 ko 000 0 korrd
020 |a 891207055X :  |c W5300 
035 0 |a ocm28324227 
040 |a CGl  |c CGl  |d *JTZ*  |d CLSU  |d MH-HY  |d CStRLIN 
050 4 |a AC148  |b .Y592 1992x 
100 0 |6 880-01  |a Yongsan,  |c Sŏk. 
245 1 0 |6 880-02  |a Yŏboge, chŏsŭng kal ttae mwŏl kajigo kaji :  |b Sŏk Yong-san sŭnim esei. 
250 |6 880-03  |a Chʻopʻan. 
260 |6 880-04  |a Sŏul :  |b Koryŏwŏn,  |c 1992. 
300 |a 302 p. ;  |c 23 cm. 
650 0 |a Buddhist monks  |z Korea (South) 
880 0 |6 100-01  |a 용산,  |c 석. 
880 1 0 |6 245-02  |a 여보게,저승갈때뭘가지고가지 :  |b 석용산스님에세이. 
880 |6 250-03  |a 초판. 
880 |6 260-04  |a 서울 :  |b 고려원,  |c 1992. 
988 |a 20021218 
906 |0 OCLC